Gateway to the great books 6: Man and Society
Gorde:
| Formatua: | Liburua |
|---|---|
| Hizkuntza: | Undetermined |
| Argitaratua: |
Chicago, Estados Unidos
Encyclopedia Britannica
1963
|
| Gaiak: | |
| Etiketak: |
Etiketa erantsi
Etiketarik gabe, Izan zaitez lehena erregistro honi etiketa jartzen!
|
MARC
| LEADER | 00000nam a2200000Ia 4500 | ||
|---|---|---|---|
| 008 | 170316s9999 xx 000 0 und d | ||
| 245 | |a Gateway to the great books 6: Man and Society | ||
| 260 | |a Chicago, Estados Unidos | ||
| 260 | |b Encyclopedia Britannica | ||
| 260 | |c 1963 | ||
| 300 | |a 762 páginas Vol. 6 | ||
| 650 | |a REFERENCIA | ||
| 999 | |c 30241 |d 30241 | ||
| 040 | |a cru BVZT | ||
| 942 | |c 15 D |2 z | ||
